කාන්තාවන්ට විරුද්ධ ප්‍රචණ්ඩත්වය සංවර් ධනයට බාධාවක් (Record no. 4511)

MARC details
000 -LEADER
fixed length control field 00688nam a2200169 4500
003 - CONTROL NUMBER IDENTIFIER
control field LK-CoMWRAF
005 - DATE AND TIME OF LATEST TRANSACTION
control field 20240118122530.0
008 - FIXED-LENGTH DATA ELEMENTS--GENERAL INFORMATION
fixed length control field 231217b |||||||| |||| 00| 0 eng d
040 ## - CATALOGING SOURCE
Original cataloging agency LK-CoMWRAF
Modifying agency LK-CoMWRAF
Description conventions LK-CoMWRAF
041 ## - LANGUAGE CODE
Language code of text/sound track or separate title Sinhala; Sinhalese
082 ## - DEWEY DECIMAL CLASSIFICATION NUMBER
Classification number 305.42
Item number KAR
942 ## - ADDED ENTRY ELEMENTS (KOHA)
Koha item type Books
100 ## - MAIN ENTRY--PERSONAL NAME
Personal name කරිල්ලෝ, රොක්සානා
245 ## - TITLE STATEMENT
Title කාන්තාවන්ට විරුද්ධ ප්‍රචණ්ඩත්වය සංවර් ධනයට බාධාවක්
246 ## - VARYING FORM OF TITLE
Title proper/short title Kanthawanta wirudhdha prachandathwaya sanwardhanayata badhawak
260 ## - PUBLICATION, DISTRIBUTION, ETC. (IMPRINT)
Place of publication, distribution, etc. නොළඹ :
Name of publisher, distributor, etc. සමාජ විද්‍යාඥයිනගේ සංගමය,
Date of publication, distribution, etc. 1995
Holdings
Withdrawn status Lost status Damaged status Not for loan Permanent Location Current Location Date acquired Full call number Barcode Koha item type
        Resource center, Muslim Women's Research And Action Forum Resource center, Muslim Women's Research And Action Forum 2023-12-17 305.42 KAR RAF4899 Books

Copyright © 2023 Muslim Women's Research and Action Forum (MWRAF), No 27/3, Anderson Road, Kalubowila, Dehiwela. Funded by The Asia Fundation